Loading...
| Literature - American Literature | 0 | 6 | 0 | 1 | 60 | 98 | 107.33 | 0 | 6 |
| Literature - European Literature | 0 | 5 | 1 | 0 | 45 | 78 | 105.20 | 4 | 5 |
| Mythology | 2 | 1 | 0 | 0 | 40 | 74 | 83.67 | 3 | 3 |
| Literature - World Literature | 0 | 3 | 0 | 1 | 30 | 89 | 111.33 | 1 | 3 |
| Literature - British Literature | 0 | 3 | 1 | 0 | 25 | 116 | 126.33 | 0 | 3 |
| Fine Arts - Other Fine Arts | 0 | 2 | 0 | 0 | 20 | 112 | 127.50 | 0 | 2 |
| Religion | 0 | 2 | 0 | 0 | 20 | 115 | 118.50 | 2 | 2 |
| Philosophy | 0 | 1 | 0 | 0 | 10 | 129 | 129.00 | 0 | 1 |
| Social Science | 0 | 1 | 0 | 1 | 10 | 136 | 136.00 | 0 | 1 |
| History - World History | 0 | 1 | 0 | 1 | 10 | 136 | 136.00 | 0 | 1 |
| History - American History | 0 | 1 | 1 | 0 | 5 | 121 | 121.00 | 0 | 1 |
| Fine Arts - Visual Fine Arts | 0 | 1 | 1 | 0 | 5 | 149 | 149.00 | 0 | 1 |
| Science - Biology | 0 | 1 | 1 | 0 | 5 | 80 | 80.00 | 1 | 1 |